| 000 | 01670cad a22002415a 4500 | ||
|---|---|---|---|
| 001 | L152280 | ||
| 008 | 11021 e20110115xxkd f s f000 0 eng d | ||
| 035 | _a(Sirsi) u152280 | ||
| 041 | 0 | _aeng | |
| 050 | 0 | 4 | _a333.33 $2 18 |
| 110 | 1 |
_aUnited Kingdom _bDepartment for Communities and Local Government _94939 |
|
| 245 | 0 | 0 |
_aHouse price index _bDecember 2010 _h[electronic resource] |
| 260 |
_aLondon _bDCLG _c2011 |
||
| 490 | 0 |
_aDCLG House Price Index _vDecember 2010 |
|
| 520 | _aUK house prices rose by 3.8% since December 2009 and increased by 0.5% since November 2010. The mix-adjusted average house price was £208 148 in December 2010 (not seasonally adjusted). UK house prices fell by 0.4% in the quarter ending December 2010 compared with a rise of 0.2% in the quarter ending September 2010 (seasonally adjusted). Annual average house prices rose by 4.1%. in England and 4.3% in Wales and 1.8% in Scotland but fell in Northern Ireland by 16.13%. Annual average house prices paid by first time buyers in December 2010 were 1.4% higher than a year ago. By comparison average house prices paid by former owner occupiers were 4.7% higher. Annual average house prices paid for new properties in December 2010 were 7.6% higher than a year ago. By comparison average house prices paid on pre-owned dwellings were 3.5%. | ||
| 521 | _aAdvanced | ||
| 590 | _aKA NTK | ||
| 650 | 2 | 4 | _aDCLG HOUSE PRICE INDEX |
| 651 | 4 |
_aUnited Kingdom _y |
|
| 690 | _aPROPERTY-RESIDENTIAL PROPERTY-RESIDENTIAL PROPERTY MARKET | ||
| 856 | 4 | 0 |
_uhttps://www.communities.gov.uk/documents/statistics/pdf/1843655.pdf _zView this item free of charge at www.communities.gov.uk |
| 942 | _n0 | ||
| 999 |
_c111967 _d111967 |
||